Rubber reclaiming- Processing, control, growth (Record no. 67943)

MARC details
000 -LEADER
fixed length control field 00313nam a2200121Ia 4500
100 ## - MAIN ENTRY--AUTHOR NAME
Personal name Biswas S K
245 #0 - TITLE STATEMENT
Title Rubber reclaiming- Processing, control, growth
260 ## - PUBLICATION, DISTRIBUTION, ETC. (IMPRINT)
Name of publisher Rubber Chem Review
Year of publication 1994
300 ## - PHYSICAL DESCRIPTION
Number of Pages 23-26
650 ## - SUBJECT ADDED ENTRY--TOPICAL TERM
Topical Term Reclaimed rubber
942 ## - ADDED ENTRY ELEMENTS (KOHA)
Koha item type Journals
Holdings
Withdrawn status Lost status Damaged status Not for loan Home library Current library Shelving location Date acquired Serial Enumeration / chronology Koha item type
      Journals RRII Library RRII Library Rubber chemistry 17/12/2021 Volume 23, Issue 8 Journals